000 00610 a2200193 4500
999 _c183019
_d183019
005 20211215110201.0
010 _aENG-130311
020 _c1495.00
_a978-93-5388-502-1
035 _aEN-113843
037 _bDBAD / PUB
082 _a378.54
100 _aJalote, Pankaj
245 _aBuilding Research Universities in India:
_cPankaj Jalote
250 _a2021
260 _bSage Publication India Pvt. Ltd
_c2021
_aNew Delhi
270 _aB-I/I-I Mohan Cooperative Industrial Area, Mathura Road
_bNew Delhi
_e110044
300 _a415p.
_c22cm (hbk)
942 _adpl
_cEN
_2ddc
_h378.54
_mJAL